logo

Bir Sreshtho Munshi Abdur Rouf Library
Jhenaidah Cadet College

Alfred Tennyson : (Record no. 6581)

MARC details
000 -LEADER
fixed length control field 00564nam a2200217 a 4500
001 - CONTROL NUMBER
JCCL Control Number 6581
003 - CONTROL NUMBER IDENTIFIER
JCCL marc code BD-JhCC
005 - DATE AND TIME OF LATEST TRANSACTION
control field 20180217105256.0
008 - FIXED-LENGTH DATA ELEMENTS--GENERAL INFORMATION
fixed length control field 180125b2004 ii |||| |||| 000 0 eng d
035 ## - SYSTEM CONTROL NUMBER
system control number (BD-JhCC)
040 ## - CATALOGING SOURCE
Original cataloging agency BD-JhCC
Modifying agency BD-JhCC
041 ## - LANGUAGE CODE
Language code of Book eng
082 ## - DEWEY DECIMAL CLASSIFICATION NUMBER
Classification number 821.8
Author mark and Year LAL 2004
100 ## - MAIN ENTRY--PERSONAL NAME
Personal name Lall, Ramji
245 ## - TITLE STATEMENT
Title Alfred Tennyson :
Remainder of title Selected Poems an evaluation of his poetry /
Statement of responsibility, etc Ramji Lall
250 ## - EDITION STATEMENT
Edition statement 14th ed.
260 ## - PUBLICATION, DISTRIBUTION, ETC. (IMPRINT)
Place of publication, distribution, etc India:
Name of publisher, distributor, etc Aarti Book Centre;
Date of publication, distribution, etc 2004
300 ## - PHYSICAL DESCRIPTION
Pagination 268 p;,
Dimensions 22 cm
650 ## - SUBJECT ADDED ENTRY--TOPICAL TERM
Topical term or geographic name as entry element Poets, English
942 ## - ADDED ENTRY ELEMENTS (KOHA)
Source of classification or shelving scheme Dewey Decimal Classification
Koha item type Books
Holdings
Source of classification or shelving scheme Damaged status Not for loan Home library Current library Shelving location Date of accession Source of acquisition Cost, normal purchase price Total Checkouts Full call number Barcode Date last seen Copy number Koha item type
Dewey Decimal Classification     JCC Rouf Library JCC Rouf Library General Stacks 01/25/2018 Zahedee Foundation 280.00   821.8 LAL 2004 9104 01/25/2018 C-1 Books

JCC Library | Contacts | JCC Home

Last Update on 23 September 2017
Copyright @ 2017-2020 JCC Rouf Library
Rouf Library, Jhenidah Cadet College (JCC), Bangladesh